000 00639nam a22002057a 4500
003 OSt
005 20141021145434.0
008 141021b xxu||||| |||| 00| 0 eng d
020 _a084768461
040 _c040a
082 _220
_a370.9
_bCOM 1999
245 _aComparative education :
_bthe dialectic of the global and the local /
_cRobert F.Arnove, Carlos Alberto Torres
260 _aOxford
_bRowman and Littlefield publishers
_c1999
300 _avi, 434 p;
_bill :
_c24 cm.
504 _aincludes index
650 _aEducation
_91404
700 _aArnove, Robert F
_91405
700 _aTorres, Carlos Alberto
_91406
942 _2ddc
_cSLOAN
999 _c543
_d543